Statistiques concernant Discographie d'Orelsan (MAJ 09/2022)

Cliquez ici pour prendre le quiz!

Statistiques générales

  • Ce quiz a été pris 322 fois
    (236 depuis la dernière actualisation)
  • Le résultat moyen est 62 sur 135

Statistiques - réponses

Perdu d'avance (2009)% Correct
Le Chant des sirènes
86%
Défaite de famille
81%
La Quête
81%
Perdu D'avance
81%
San
81%
Athéna
79%
Civilisation
79%
La fête est finie
79%
La Terre est ronde
77%
Manifeste
77%
Notes pour trop tard (feat Ibeyi)
77%
RaelSan
77%
L'odeur de l'essence
76%
Rêves bizarres (feat Damso)
75%
Basique
73%
Suicide social
73%
La Pluie (feat Stromae)
72%
Tout va bien
71%
Tout va bien (Remix) (feat Eugy et Kojo Funds)
71%
Christophe (feat Gims)
70%
Dernier verre (feat The Neptunes)
70%
Ils sont cools (feat Gringe)
70%
Changement
69%
Du propre
69%
Epilogue
69%
Jimmy Punchline
69%
Casseurs Flowters Infinity (feat Gringe)
68%
Paradis
68%
Shonen
68%
Si seul
67%
Inachevés
65%
La Lumière
65%
Ensemble (feat Skread)
64%
Bébéboa
63%
Dans ma ville, on traîne
63%
Bonne meuf
62%
La Petite Marchande de porte-clefs
62%
Jour meilleur
61%
Plus rien ne m'étonne
60%
Zone (feat Nekfeu et Dizzee Rascal)
60%
1990
59%
2010
59%
Baise le monde
59%
Différent
59%
La vérité (feat Lomepal)
59%
Quand est-ce que ça s'arrête ?
59%
Seul avec du monde autour
59%
Gros Poissons Dans Une Petite Mare
58%
Pour Le Pire
58%
Rêve mieux
58%
CP_009_ Évidemment (feat Angèle)
57%
Finir mal
56%
Peur De L'échec (feat Ron Thal)
56%
Etoiles Invisibles
55%
Peon (feat Vald)
55%
Double Vie
54%
Mes grands-parents
54%
15h02 - Regarde comme il fait beau (dehors)
53%
La famille, la famille
53%
Soirée Ratée
52%
Elle viendra quand même
51%
06h16 - Des histoires à raconter
50%
50 Pourcents
50%
CP_006_ Ah la France
50%
La Morale
49%
Adieu les filles
48%
Fantômes
48%
16h22 - Deux connards dans un abribus
47%
CP_002_ Les aventures de MiniSan
47%
Dis-moi
47%
Millions (feat Ninho)
47%
No Life
47%
No life (remix) (feat Nessbeal) [2009]
47%
18h30 - Bloqué
45%
Logo Dans Le Ciel
45%
Saint Valentin (feat Gringe) [2006]
45%
A l'heure où je me couche
44%
Qui dit mieux (feat Gringe, Vald et Suikon Blaz AD)
44%
Discipline
42%
19h26 - La mort du disque
41%
Courez Courez
41%
CP_010_ On a gagné
41%
Des trous dans la tête
41%
Entre Bien Et Mal (feat Gringe)
41%
Mauvaise Idée
41%
CP_005_ Ok... Super...
40%
CP_001_ Intro Civilisation Perdue
39%
Sale pute [2006]
39%
Si facile
37%
Excuses ou mensonges
36%
01h16 - Les Putes et moi
34%
22h31 - Fais les backs
32%
CP_004_ Juste un dernier
32%
J’essaye, j’essaye (feat Janine)
32%
Tout ce que je sais (feat YBN Cordae)
32%
CP_007_ Point de rupture
31%
Toujours plus (feat Lorenzo)
31%
Wondercash
30%
15h45 - Stupide ¡ Stupide ¡ Stupide
29%
Déchiré (feat Gringe)
28%
CP_008_ Nous contre le monde
27%
Ma life (feat Oxmo Puccino)
27%
Quand ton père t'engueule
26%
Sous Influence (Bonus Track)
26%
CP_003_ Toujours perdu quand même
25%
01h47 - Change de pote
23%
03h53 - Manger c'est tricher
23%
17h04 - Prends des pièces
23%
C’est toujours 2 connards dans un abribus
23%
Freestyle Radio Phoenix
23%
Pas n’importe quel toon
23%
Potentiel (feat Lefa)
23%
16h00 - Tu m'dois d'l'oseille
22%
A qui la faute ? (feat Kery James)
20%
Tous les jours dimanche (feat Nessbeal)
20%
04h41 - Greenje et Orselane
19%
14h58 - Casseurs Flowters Opening
19%
20h08 - Dans la place pour être
18%
En boucle
17%
01h25 - Johnny Galoche
16%
Le temps (feat MHD)
15%
20h13 - La nouvelle paire
14%
Ramen [2005]
14%
La Nuit c'est fait pour dormir (feat Gims et H Magnum)
13%
Vizioz (Bonus)
10%
Vapormax (feat Dabs)
9%
Memento (feat Youssoupha et Gringe)
7%
Au bout du compte (feat Akhenaton et Wiley)
5%
Les ennuis (feat Izia)
5%
Toc Toc (feat Gringe) [2005]
5%
Bombattak (feat Gringe) [2005]
4%
Mauvaise onde (feat Gringe) [2006]
4%
Rap de résurrection (feat Gringe) [2006]
4%
Arrêtes (feat Gringe) [2005]
3%
Bada Bing [2007]
3%

Distribution des résultats

Percentile par nombre de réponses

% des personnes avec chaque résultat

Votre développement - résultats

Vous n’avez pas pris ce quiz depuis la dernière actualisation